000
00238nam a22000977a 4500
008
170123b xxu||||| |||| 00| 0 eng d
041
_a
eng
080
_2
1ST
_a
618.2
245
_a
EMERGENCY NURSING PEDIATRIC COURSE
_c
HALEY, K
942
_2
udc
_c
BK
999
_c
3350
_d
3350